| Tag |
First Indicator |
Second Indicator |
Subfields |
| LEADER |
00000cam a2200000 4500 |
| 001 |
in00000059680 |
| 005 |
20151008050515.0 |
| 008 |
751117s1952 nyu b 00000 eng u |
| 010 |
|
|
|a 31008502
|
| 035 |
|
|
|a (OCoLC)01838026
|
| 035 |
|
|
|9 AAG1461AM
|
| 040 |
|
|
|c MSC
|d TXA
|d UtOrBLW
|
| 049 |
|
|
|a TXAM
|c [45492]
|
| 050 |
0 |
0 |
|a HM146
|b .T3
|
| 092 |
|
|
|a 323.41
|b T234e
|
| 100 |
1 |
|
|a Tawney, R. H.
|q (Richard Henry),
|d 1880-1962.
|
| 245 |
1 |
0 |
|a Equality /
|c by R. H. Tawney.
|
| 264 |
|
1 |
|a New York :
|b Harcourt, Brace and company,
|c [1931]
|
| 264 |
|
4 |
|c [©1931]
|
| 300 |
|
|
|a 280 pages, 8 unnumbered pages ;
|c 19 cm.
|
| 336 |
|
|
|a text
|b txt
|2 rdacontent
|
| 337 |
|
|
|a unmediated
|b n
|2 rdamedia
|
| 338 |
|
|
|a volume
|b nc
|2 rdacarrier
|
| 490 |
1 |
|
|a Halley Stewart lectures, 1929
|
| 504 |
|
|
|a Notes including bibliography: pages 273-280.
|
| 650 |
|
0 |
|a Equality.
|
| 650 |
|
0 |
|a Social sciences.
|
| 830 |
|
0 |
|a Sir Halley Stewart lectures ;
|v 1929.
|
| 999 |
|
|
|a MARS
|
| 999 |
f |
f |
|s 1d3f2f81-3905-3487-a9c7-f1c35358abd1
|i 3b5a3c86-1188-3fc6-98c4-1f1a9c309f08
|t 0
|
| 952 |
f |
f |
|p ric
|a Texas A&M University
|b Rellis Campus
|c Joint Library Facility
|d Remote Storage
|t 0
|e HM146 .T3
|h Library of Congress classification
|i unmediated -- volume
|m A14800666502
|
| 998 |
f |
f |
|a HM146 .T3
|t 0
|l Remote Storage
|